[Event "2024 US National High School (K-12) Championship"]
[Site "Baltimore, Maryland, United States"]
[Date "2024.04.06"]
[Round "5.12"]
[White "Chakravarty, Aritro"]
[Black "Chasin, Nico Werner"]
[Result "0-1"]
[TimeControl "G/90; d10"]
[BlackTitle "IM"]
[WhiteFideId "30976847"]
[BlackFideId "30908477"]
[WhiteElo "2126"]
[BlackElo "2522"]

1. d4 {[%clk 01:30:00]} {[%emt 00:00:09]} d5 {[%clk 01:19:43]} {[%emt
00:10:20]} 2. c4 {[%clk 01:29:57]} {[%emt 00:00:13]} e6 {[%clk 01:19:43]}
{[%emt 00:00:04]} 3. Nf3 {[%clk 01:29:57]} {[%emt 00:00:03]} Nf6 {[%clk
01:19:43]} {[%emt 00:00:06]} 4. g3 {[%clk 01:29:57]} {[%emt 00:00:02]} c6
{[%clk 01:19:43]} {[%emt 00:00:06]} 5. Bg2 {[%clk 01:29:57]} {[%emt 00:00:05]}
dxc4 {[%clk 01:19:43]} {[%emt 00:00:04]} 6. a4 {[%clk 01:29:52]} {[%emt
00:00:15]} Bb4+ {[%clk 01:19:43]} {[%emt 00:00:08]} 7. Bd2 {[%clk 01:29:52]}
{[%emt 00:00:09]} a5 {[%clk 01:19:43]} {[%emt 00:00:02]} 8. O-O {[%clk
01:29:30]} {[%emt 00:00:33]} Ra6 {[%clk 01:19:02]} {[%emt 00:00:52]} 9. Na3
{[%clk 01:27:27]} {[%emt 00:02:11]} Bxa3 {[%clk 01:18:00]} {[%emt 00:01:12]} 10.
bxa3 {[%clk 01:25:03]} {[%emt 00:02:36]} O-O {[%clk 01:17:36]} {[%emt
00:00:32]} 11. Qc2 {[%clk 01:24:42]} {[%emt 00:00:31]} b5 {[%clk 01:17:36]}
{[%emt 00:00:02]} 12. Rab1 {[%clk 01:24:42]} {[%emt 00:00:05]} Bd7 {[%clk
01:17:13]} {[%emt 00:00:33]} 13. axb5 {[%clk 01:23:01]} {[%emt 00:01:52]} cxb5
{[%clk 01:17:13]} {[%emt 00:00:01]} 14. a4 {[%clk 01:23:01]} {[%emt 00:00:05]}
b4 {[%clk 01:17:13]} {[%emt 00:00:07]} 15. Qxc4 {[%clk 01:20:47]} {[%emt
00:02:23]} Bxa4 {[%clk 01:16:20]} {[%emt 00:01:03]} 16. Bf4 {[%clk 01:13:53]}
{[%emt 00:07:04]} Nd5 {[%clk 01:13:03]} {[%emt 00:03:27]} 17. Bxb8 {[%clk
01:07:50]} {[%emt 00:06:13]} Rc6 {[%clk 01:12:54]} {[%emt 00:00:19]} 18. Qa2
{[%clk 01:01:46]} {[%emt 00:06:14]} Nc3 {[%clk 01:12:54]} {[%emt 00:00:03]} 19.
Qa1 {[%clk 01:01:46]} {[%emt 00:00:06]} Qxb8 {[%clk 01:12:54]} {[%emt
00:00:07]} 20. Rb2 {[%clk 01:00:37]} {[%emt 00:01:19]} Qb6 {[%clk 01:11:45]}
{[%emt 00:01:20]} 21. Ng5 {[%clk 00:57:18]} {[%emt 00:03:28]} Rc7 {[%clk
01:09:56]} {[%emt 00:02:00]} 22. Ne4 {[%clk 00:55:25]} {[%emt 00:02:02]} Qxd4
{[%clk 01:09:37]} {[%emt 00:00:30]} 23. Nxc3 {[%clk 00:55:25]} {[%emt
00:00:09]} bxc3 {[%clk 01:09:37]} {[%emt 00:00:01]} 24. Ra2 {[%clk 00:55:12]}
{[%emt 00:00:23]} Bb5 {[%clk 01:09:37]} {[%emt 00:00:02]} 25. Rxa5 {[%clk
00:54:17]} {[%emt 00:01:05]} Bxe2 {[%clk 01:09:33]} {[%emt 00:00:14]} 26. Rc1
{[%clk 00:53:40]} {[%emt 00:00:47]} g6 {[%clk 01:09:03]} {[%emt 00:00:40]} 27.
Ra2 {[%clk 00:48:58]} {[%emt 00:04:52]} Bd3 {[%clk 01:08:02]} {[%emt 00:01:11]}
28. Ra3 {[%clk 00:47:39]} {[%emt 00:01:30]} Rb8 {[%clk 01:07:39]} {[%emt
00:00:32]} 29. Ra8 {[%clk 00:37:51]} {[%emt 00:09:57]} Rxa8 {[%emt 00:00:09]}
30. Qxa8+ {[%clk 00:37:51]} {[%emt 00:00:04]} Kg7 {[%clk 01:07:39]} {[%emt
00:00:05]} 31. Qa5 {[%clk 00:37:51]} {[%emt 00:00:04]} Rc5 {[%clk 01:07:23]}
{[%emt 00:00:26]} 32. Qa3 {[%clk 00:37:47]} {[%emt 00:00:15]} 0-1

[Event "2024 US National High School (K-12) Championship"]
[Site "Baltimore, Maryland, United States"]
[Date "2024.04.06"]
[Round "5.13"]
[White "Venkatesh, Narayan"]
[Black "Liu, Eric Chang"]
[Result "1/2-1/2"]
[TimeControl "G/90; d10"]
[WhiteTitle "CM"]
[BlackTitle "FM"]
[WhiteFideId "30987881"]
[BlackFideId "30960240"]
[WhiteElo "2124"]
[BlackElo "2435"]

1. d4 {[%clk 01:23:02]} {[%emt 00:07:08]} Nf6 {[%clk 01:30:00]} {[%emt
00:00:05]} 2. c4 {[%clk 01:23:02]} {[%emt 00:00:06]} e6 {[%clk 01:30:00]}
{[%emt 00:00:04]} 3. Nc3 {[%clk 01:23:02]} {[%emt 00:00:07]} Bb4 {[%clk
01:30:00]} {[%emt 00:00:05]} 4. Bd2 {[%clk 01:23:01]} {[%emt 00:00:11]} O-O
{[%clk 01:30:00]} {[%emt 00:00:07]} 5. Nf3 {[%clk 01:23:01]} {[%emt 00:00:05]}
d5 {[%clk 01:27:20]} {[%emt 00:02:51]} 6. e3 {[%clk 01:23:01]} {[%emt
00:00:08]} b6 {[%clk 01:27:20]} {[%emt 00:00:09]} 7. cxd5 {[%clk 01:23:01]}
{[%emt 00:00:10]} exd5 {[%clk 01:27:20]} {[%emt 00:00:03]} 8. Rc1 {[%clk
01:22:50]} {[%emt 00:00:20]} Bb7 {[%clk 01:27:20]} {[%emt 00:00:07]} 9. Bd3
{[%clk 01:22:50]} {[%emt 00:00:06]} Be7 {[%clk 01:27:20]} {[%emt 00:00:08]} 10.
O-O {[%clk 01:22:37]} {[%emt 00:00:23]} c5 {[%clk 01:27:20]} {[%emt 00:00:03]}
11. Ne5 {[%clk 01:22:07]} {[%emt 00:00:39]} Nc6 {[%clk 01:27:20]} {[%emt
00:00:08]} 12. Be1 {[%clk 01:21:35]} {[%emt 00:00:40]} Bd6 {[%clk 01:27:20]}
{[%emt 00:00:09]} 13. f4 {[%clk 01:18:27]} {[%emt 00:03:18]} cxd4 {[%clk
01:27:20]} {[%emt 00:00:05]} 14. Nxc6 {[%clk 01:16:20]} {[%emt 00:02:16]} Bxc6
{[%clk 01:27:20]} {[%emt 00:00:04]} 15. exd4 {[%clk 01:14:14]} {[%emt
00:02:17]} Be7 {[%clk 01:23:16]} {[%emt 00:04:15]} 16. Bh4 {[%clk 01:13:00]}
{[%emt 00:01:21]} Re8 {[%clk 01:23:16]} {[%emt 00:00:03]} 17. Re1 {[%clk
01:09:37]} {[%emt 00:03:33]} Ne4 {[%clk 01:20:17]} {[%emt 00:03:11]} 18. Bxe7
{[%clk 01:06:45]} {[%emt 00:03:00]} Rxe7 {[%clk 01:20:17]} {[%emt 00:00:02]} 19.
Nxe4 {[%clk 00:54:41]} {[%emt 00:12:13]} dxe4 {[%clk 01:20:17]} {[%emt
00:00:05]} 20. Rxc6 {[%clk 00:52:41]} {[%emt 00:02:09]} exd3 {[%clk 01:20:17]}
{[%emt 00:00:08]} 21. Rxe7 {[%clk 00:52:16]} {[%emt 00:00:34]} Qxe7 {[%clk
01:20:17]} {[%emt 00:00:04]} 22. Qxd3 {[%clk 00:50:49]} {[%emt 00:01:36]} Qe1+
{[%clk 01:20:17]} {[%emt 00:00:07]} 23. Qf1 {[%clk 00:50:49]} {[%emt 00:00:06]}
Qd2 {[%clk 01:20:17]} {[%emt 00:00:09]} 24. Qc1 {[%clk 00:50:17]} {[%emt
00:00:38]} Qxd4+ {[%clk 01:20:17]} {[%emt 00:00:11]} 25. Kf1 {[%clk 00:47:01]}
{[%emt 00:03:20]} Qd7 {[%clk 01:16:24]} {[%emt 00:04:09]} 26. Rc2 {[%clk
00:36:06]} {[%emt 00:11:01]} Rd8 {[%clk 01:15:13]} {[%emt 00:01:25]} 27. Re2
{[%clk 00:35:20]} {[%emt 00:00:46]} h5 {[%clk 01:13:27]} {[%emt 00:02:06]} 28.
Qe3 {[%clk 00:33:18]} {[%emt 00:02:09]} Qc6 {[%clk 01:08:36]} {[%emt 00:05:04]}
29. Kf2 {[%clk 00:31:28]} {[%emt 00:01:59]} Qf6 {[%clk 01:08:36]} {[%emt
00:00:04]} 30. g3 {[%clk 00:30:48]} {[%emt 00:00:48]} h4 {[%clk 01:03:09]}
{[%emt 00:05:39]} 31. Rd2 {[%clk 00:27:29]} {[%emt 00:03:29]} Rc8 {[%clk
01:03:09]} {[%emt 00:00:09]} 32. Qe4 {[%clk 00:26:43]} {[%emt 00:00:51]} Qh6
{[%clk 00:57:27]} {[%emt 00:05:57]} 33. Kg2 {[%clk 00:26:24]} {[%emt 00:00:23]}
Qh5 {[%clk 00:52:02]} {[%emt 00:05:40]} 34. Qe2 {[%clk 00:23:56]} {[%emt
00:02:35]} Qf5 {[%clk 00:50:56]} {[%emt 00:01:20]} 35. Qe7 {[%clk 00:21:21]}
{[%emt 00:02:40]} h3+ {[%clk 00:46:59]} {[%emt 00:04:13]} 36. Kf3 {[%clk
00:20:19]} {[%emt 00:01:08]} g6 {[%clk 00:35:43]} {[%emt 00:11:29]} 37. Rd8+
{[%clk 00:16:40]} {[%emt 00:03:49]} Rxd8 {[%clk 00:35:43]} {[%emt 00:00:04]} 38.
Qxd8+ {[%clk 00:16:40]} {[%emt 00:00:07]} Kh7 {[%clk 00:34:51]} {[%emt
00:01:02]} 39. Qd2 {[%clk 00:16:17]} {[%emt 00:00:30]} Qe6 {[%clk 00:29:37]}
{[%emt 00:05:27]} 40. b3 {[%clk 00:15:47]} {[%emt 00:00:38]} f5 {[%clk
00:22:29]} {[%emt 00:07:20]} 41. Qc2 {[%clk 00:15:05]} {[%emt 00:00:51]} Qd7
{[%clk 00:19:44]} {[%emt 00:02:56]} 42. Ke3 {[%clk 00:14:16]} {[%emt 00:00:57]}
Qb7 {[%clk 00:18:21]} {[%emt 00:01:35]} 43. Qc4 {[%clk 00:13:42]} {[%emt
00:00:42]} Qe7+ {[%clk 00:16:26]} {[%emt 00:02:07]} 44. Kf3 {[%clk 00:12:12]}
{[%emt 00:01:33]} Qd7 {[%clk 00:15:32]} {[%emt 00:01:10]} 45. Ke3 {[%clk
00:11:54]} {[%emt 00:00:21]} Qe8+ {[%emt 00:03:35]} 46. Kf2 {[%clk 00:10:03]}
{[%emt 00:00:27]} Qe7 {[%clk 00:11:31]} {[%emt 00:02:28]} 47. a4 {[%clk
00:09:09]} {[%emt 00:01:02]} a5 {[%clk 00:10:29]} {[%emt 00:01:14]} 48. Qd5
{[%clk 00:08:55]} {[%emt 00:00:22]} Qa7 {[%clk 00:08:17]} {[%emt 00:02:24]} 49.
Kf3 {[%clk 00:08:34]} {[%emt 00:00:29]} Qc7 {[%clk 00:07:54]} {[%emt 00:00:34]}
50. Ke3 {[%clk 00:07:56]} {[%emt 00:00:45]} Qc3+ {[%clk 00:07:37]} {[%emt
00:00:31]} 51. Ke2 {[%clk 00:07:25]} {[%emt 00:00:20]} Qb2+ {[%clk 00:07:08]}
{[%emt 00:01:00]} 52. Ke3 {[%clk 00:06:12]} {[%emt 00:01:15]} Kh6 {[%clk
00:06:16]} {[%emt 00:01:10]} 53. Qg8 {[%clk 00:04:58]} {[%emt 00:01:17]} Qc3+
{[%clk 00:06:10]} {[%emt 00:00:22]} 54. Ke2 {[%clk 00:04:49]} {[%emt 00:00:18]}
Qc2+ {[%clk 00:06:10]} {[%emt 00:00:03]} 55. Ke3 {[%clk 00:04:49]} {[%emt
00:00:05]} Qe4+ {[%clk 00:06:10]} {[%emt 00:00:02]} 56. Kf2 {[%clk 00:04:48]}
{[%emt 00:00:08]} Qg2+ {[%clk 00:05:40]} {[%emt 00:00:42]} 57. Ke3 {[%clk
00:04:48]} {[%emt 00:00:02]} Qg1+ {[%clk 00:05:40]} {[%emt 00:00:05]} 58. Kf3
{[%clk 00:04:48]} {[%emt 00:00:07]} Qf1+ {[%clk 00:05:34]} {[%emt 00:00:17]} 59.
Ke3 {[%clk 00:04:48]} {[%emt 00:00:02]} Qe1+ {[%clk 00:05:34]} {[%emt
00:00:05]} 60. Kf3 {[%clk 00:04:48]} {[%emt 00:00:04]} Qc3+ {[%clk 00:05:34]}
{[%emt 00:00:04]} 61. Ke2 {[%clk 00:04:48]} {[%emt 00:00:04]} Qf6 {[%clk
00:04:45]} {[%emt 00:01:01]} 62. Kf3 {[%clk 00:04:48]} {[%emt 00:00:08]} Qc6+
{[%clk 00:04:27]} {[%emt 00:00:30]} 63. Ke3 {[%clk 00:04:48]} {[%emt 00:00:06]}
Qc5+ {[%clk 00:04:12]} {[%emt 00:00:26]} 64. Kf3 {[%clk 00:04:47]} {[%emt
00:00:09]} Qc3+ {[%clk 00:03:30]} {[%emt 00:00:55]} 65. Ke2 {[%clk 00:04:47]}
{[%emt 00:00:02]} Qb2+ {[%clk 00:03:29]} {[%emt 00:00:12]} 66. Ke3 {[%clk
00:04:47]} {[%emt 00:00:05]} Qc1+ {[%clk 00:03:29]} {[%emt 00:00:08]} 67. Ke2
{[%clk 00:04:46]} {[%emt 00:00:08]} Qc2+ {[%clk 00:03:25]} {[%emt 00:00:16]} 68.
Ke3 {[%clk 00:04:46]} {[%emt 00:00:03]} Qe4+ {[%clk 00:03:25]} {[%emt
00:00:04]} 69. Kf2 {[%clk 00:04:46]} 1/2-1/2

[Event "2024 US National High School (K-12) Championship"]
[Site "Baltimore, Maryland, United States"]
[Date "2024.04.06"]
[Round "5.14"]
[White "Shafer, Logan C"]
[Black "Pan, Kevin"]
[Result "1/2-1/2"]
[TimeControl "G/90; d10"]
[BlackTitle "FM"]
[WhiteFideId "30993342"]
[BlackFideId "30915708"]
[WhiteElo "2113"]
[BlackElo "2295"]

1. d4 {[%clk 01:30:00]} {[%emt 00:00:01]} d5 {[%clk 01:30:00]} {[%emt
00:00:09]} 2. c4 {[%clk 01:30:00]} {[%emt 00:00:10]} e6 {[%clk 01:30:00]}
{[%emt 00:00:09]} 3. Nc3 {[%clk 01:30:00]} {[%emt 00:00:05]} Nf6 {[%clk
01:29:30]} {[%emt 00:00:23]} 4. cxd5 {[%clk 01:30:00]} {[%emt 00:00:07]} exd5
{[%clk 01:29:30]} {[%emt 00:00:05]} 5. Bg5 {[%clk 01:30:00]} {[%emt 00:00:04]}
Be7 {[%clk 01:29:03]} {[%emt 00:00:37]} 6. e3 {[%clk 01:29:46]} {[%emt
00:00:24]} c6 {[%clk 01:28:24]} {[%emt 00:00:49]} 7. Bd3 {[%clk 01:29:46]}
{[%emt 00:00:06]} Nbd7 {[%clk 01:26:43]} {[%emt 00:01:52]} 8. Nf3 {[%clk
01:29:41]} {[%emt 00:00:14]} Nh5 {[%clk 01:22:28]} {[%emt 00:04:25]} 9. Bxe7
{[%clk 01:29:19]} {[%emt 00:00:33]} Qxe7 {[%clk 01:22:28]} {[%emt 00:00:04]} 10.
O-O {[%clk 01:28:58]} {[%emt 00:00:30]} O-O {[%clk 01:21:51]} {[%emt 00:00:48]}
11. Qc2 {[%clk 01:28:05]} {[%emt 00:01:03]} g6 {[%clk 01:19:53]} {[%emt
00:02:08]} 12. Rab1 {[%clk 01:26:47]} {[%emt 00:01:28]} a5 {[%clk 01:08:35]}
{[%emt 00:11:28]} 13. a3 {[%clk 01:25:28]} {[%emt 00:01:29]} Ng7 {[%clk
01:02:12]} {[%emt 00:06:33]} 14. Na4 {[%clk 01:21:23]} {[%emt 00:04:15]} Nf6
{[%clk 00:52:34]} {[%emt 00:09:48]} 15. b4 {[%clk 01:10:35]} {[%emt 00:10:58]}
axb4 {[%clk 00:42:24]} {[%emt 00:10:20]} 16. axb4 {[%clk 01:10:35]} {[%emt
00:00:08]} Bf5 {[%clk 00:35:07]} {[%emt 00:07:27]} 17. Bxf5 {[%clk 01:07:49]}
{[%emt 00:02:57]} Nxf5 {[%clk 00:35:07]} {[%emt 00:00:02]} 18. Nc5 {[%clk
01:05:08]} {[%emt 00:02:51]} Nd6 {[%clk 00:33:06]} {[%emt 00:02:11]} 19. Ra1
{[%clk 01:00:59]} {[%emt 00:04:19]} Nd7 {[%clk 00:27:20]} {[%emt 00:05:56]} 20.
Nxd7 {[%clk 00:51:42]} {[%emt 00:09:27]} Qxd7 {[%clk 00:27:20]} {[%emt
00:00:03]} 21. Ra2 {[%clk 00:51:31]} {[%emt 00:00:21]} Rfc8 {[%clk 00:19:14]}
{[%emt 00:08:17]} 22. Ne5 {[%clk 00:48:37]} {[%emt 00:03:03]} Qd8 {[%clk
00:18:36]} {[%emt 00:00:47]} 23. Rfa1 {[%clk 00:47:56]} {[%emt 00:00:51]} Rxa2
{[%clk 00:16:56]} {[%emt 00:01:51]} 24. Qxa2 {[%clk 00:47:19]} {[%emt
00:00:46]} Qb6 {[%clk 00:16:18]} {[%emt 00:00:48]} 1/2-1/2

[Event "2024 US National High School (K-12) Championship"]
[Site "Baltimore, Maryland, United States"]
[Date "2024.04.06"]
[Round "5.15"]
[White "Luo, Wesley"]
[Black "Gao, Marvin"]
[Result "0-1"]
[TimeControl "G/90; d10"]
[BlackTitle "CM"]
[WhiteFideId "30981158"]
[BlackFideId "30920175"]
[WhiteElo "2102"]
[BlackElo "2325"]

1. e4 {[%clk 01:30:00]} c5 {[%clk 01:25:58]} {[%emt 00:04:12]} 2. Nf3 {[%clk
01:28:50]} {[%emt 00:01:21]} Nc6 {[%clk 01:22:27]} {[%emt 00:03:42]} 3. Bb5
{[%clk 01:28:50]} {[%emt 00:00:05]} g6 {[%clk 01:22:02]} {[%emt 00:00:35]} 4.
Bxc6 {[%clk 01:28:50]} {[%emt 00:00:04]} dxc6 {[%clk 01:22:02]} {[%emt
00:00:07]} 5. O-O {[%clk 01:28:38]} {[%emt 00:00:21]} Bg7 {[%clk 01:22:02]}
{[%emt 00:00:07]} 6. d3 {[%clk 01:28:38]} {[%emt 00:00:05]} Nf6 {[%clk
01:22:02]} {[%emt 00:00:08]} 7. h3 {[%clk 01:28:38]} {[%emt 00:00:08]} Nd7
{[%clk 01:22:02]} {[%emt 00:00:07]} 8. Nc3 {[%clk 01:27:56]} {[%emt 00:00:52]}
e5 {[%clk 01:21:53]} {[%emt 00:00:20]} 9. Be3 {[%clk 01:27:37]} {[%emt
00:00:27]} b6 {[%clk 01:21:53]} {[%emt 00:00:08]} 10. Qd2 {[%clk 01:26:54]}
{[%emt 00:00:53]} h6 {[%clk 01:21:53]} {[%emt 00:00:08]} 11. Nh2 {[%clk
01:26:03]} {[%emt 00:01:00]} Nf8 {[%clk 01:21:53]} {[%emt 00:00:09]} 12. f4
{[%clk 01:25:40]} {[%emt 00:00:33]} exf4 {[%clk 01:21:53]} {[%emt 00:00:08]} 13.
Bxf4 {[%clk 01:25:40]} {[%emt 00:00:04]} g5 {[%clk 01:21:50]} {[%emt 00:00:13]}
14. Be3 {[%clk 01:23:04]} {[%emt 00:02:45]} Ng6 {[%clk 01:21:40]} {[%emt
00:00:19]} 15. Rae1 {[%clk 01:21:17]} {[%emt 00:01:57]} Be6 {[%clk 01:19:30]}
{[%emt 00:02:21]} 16. Ne2 {[%clk 01:19:22]} {[%emt 00:02:03]} Qc7 {[%clk
01:17:12]} {[%emt 00:02:30]} 17. b3 {[%clk 01:14:37]} {[%emt 00:04:55]} Nh4
{[%clk 01:05:25]} {[%emt 00:11:56]} 18. Nf3 {[%clk 01:09:11]} {[%emt 00:05:36]}
Nxf3+ {[%clk 00:54:40]} {[%emt 00:10:56]} 19. Rxf3 {[%clk 01:08:42]} {[%emt
00:00:39]} O-O-O {[%clk 00:50:20]} {[%emt 00:04:30]} 20. a4 {[%clk 01:05:53]}
{[%emt 00:02:58]} Be5 {[%clk 00:49:44]} {[%emt 00:00:46]} 21. a5 {[%clk
01:05:05]} {[%emt 00:00:59]} g4 {[%clk 00:49:36]} {[%emt 00:00:18]} 22. hxg4
{[%clk 01:03:55]} {[%emt 00:01:21]} Bxg4 {[%clk 00:49:30]} {[%emt 00:00:15]} 23.
Rff1 {[%clk 01:03:41]} {[%emt 00:00:24]} Rdg8 {[%clk 00:46:54]} {[%emt
00:02:47]} 24. Nf4 {[%clk 00:58:39]} {[%emt 00:05:12]} h5 {[%clk 00:43:57]}
{[%emt 00:03:07]} 25. axb6 {[%clk 00:57:45]} {[%emt 00:01:05]} axb6 {[%clk
00:43:57]} {[%emt 00:00:09]} 26. Kh1 {[%clk 00:55:28]} {[%emt 00:02:26]} h4
{[%clk 00:42:40]} {[%emt 00:01:27]} 27. b4 {[%clk 00:53:27]} {[%emt 00:02:11]}
Bd7 {[%clk 00:31:09]} {[%emt 00:11:42]} 28. bxc5 {[%clk 00:49:57]} {[%emt
00:03:40]} bxc5 {[%clk 00:29:52]} {[%emt 00:01:26]} 29. Qf2 {[%clk 00:44:43]}
{[%emt 00:05:24]} Rg3 {[%clk 00:28:12]} {[%emt 00:01:49]} 30. Rb1 {[%clk
00:41:08]} {[%emt 00:03:46]} Rhg8 {[%clk 00:26:01]} {[%emt 00:02:21]} 31. Rg1
{[%clk 00:36:33]} {[%emt 00:04:45]} Rxe3 {[%clk 00:10:51]} {[%emt 00:15:21]} 32.
Qxe3 {[%clk 00:36:33]} {[%emt 00:00:05]} Bxf4 {[%clk 00:10:51]} {[%emt
00:00:05]} 33. Qxc5 {[%clk 00:35:27]} {[%emt 00:01:16]} h3 {[%clk 00:10:40]}
{[%emt 00:00:21]} 34. gxh3 {[%clk 00:30:23]} {[%emt 00:05:15]} Rh8 {[%clk
00:10:33]} {[%emt 00:00:17]} 35. Qa3 {[%clk 00:23:47]} {[%emt 00:06:47]} Kd8
{[%clk 00:09:22]} {[%emt 00:01:20]} 36. Qa8+ {[%clk 00:22:11]} {[%emt
00:01:46]} Bc8 {[%clk 00:09:22]} {[%emt 00:00:09]} 37. Ra1 {[%clk 00:15:46]}
{[%emt 00:06:35]} Rxh3+ {[%clk 00:09:12]} {[%emt 00:00:19]} 38. Kg2 {[%clk
00:15:46]} {[%emt 00:00:05]} Be3 {[%clk 00:08:32]} {[%emt 00:00:51]} 39. e5
{[%clk 00:13:26]} {[%emt 00:02:30]} Rg3+ {[%clk 00:06:27]} {[%emt 00:02:15]} 40.
Kxg3 {[%clk 00:12:11]} {[%emt 00:01:24]} Qxe5+ {[%clk 00:06:27]} {[%emt
00:00:06]} 41. Kf3 {[%clk 00:11:43]} {[%emt 00:00:38]} Qf4+ {[%clk 00:06:27]}
{[%emt 00:00:06]} 42. Kg2 {[%clk 00:11:43]} {[%emt 00:00:09]} Qf2+ {[%clk
00:06:07]} {[%emt 00:00:30]} 43. Kh1 {[%clk 00:11:43]} {[%emt 00:00:08]} Qh4+
{[%clk 00:06:07]} {[%emt 00:00:04]} 44. Kg2 {[%clk 00:11:43]} {[%emt 00:00:04]}
Qh3# {[%clk 00:06:07]} {[%emt 00:00:05]} 0-1